วิทยาลัยพยาบาลบรมราชชนนี ยะลา
ระบบห้องสมุดอัตโนมัติ ULIBM BCNYALA - V.6
เปลี่ยนเป็นภาษาไทย

Change to English
 แสดงรายละเอียดบรรณานุกรม
  กลับหน้าหลัก

Brief Record : Get Marc (ISO 2709) : E-mail record : QR code ปิดหน้าต่าง
หลักภาษาไทย : คู่มือการเรียนการสอนภาษาไทยทุกระดับ Review โดย
ใช้งานได้ทุกระบบ
ห้องสมุดวพบ.ยะลา
ใช้งานได้ทุกระบบ เมื่อ10/เมษายน/2569
สารบัญ

บทที่ 1 หลักภาษาไทยพื้นฐาน
บทที่ 2 หลักการเขียน คำในภาษาไทย
บทที่ 3 หลักการเีขยนทั่วไป
บทที่ 4 หลักการอ่านคำในภาษาไทย
บทที่ 5 ภาษาถิ่นเปรียบเทียบ
บทที่ 6 ราชาศัพท์
บทที่ 7 ลักษณะคำประพันธ์ไทย
บทที่ 8 สำนวนไทย

E-books : เกี่ยวกับ Collections
LEADER 00000nam 2200000uu 4500
001    3841
003     ULIBM
008    260410s2568||||th 000 0 tha d
020    ^a9786162019944
050  4 ^aPL4163^bว559ห
100 0  ^aวิเชียร เกษประทุม
245 10 ^aหลักภาษาไทย : คู่มือการเรียนการสอนภาษาไทยทุกระดับ/^cวิเชียร เกษประทุม
250    ^aพิมพ์ครั้งที่ 1
260    ^aกรุงเทพฯ :^bสำนักพิมพ์ พ.ศ.พัฒนา,^c2568.
300    ^a495หน้า :^bภาพประกอบ;^c26 ซม.
650  7 ^aภาษาไทย ^xไวยากรณ์
999    ^aฮัซวานี
รายการนี้ยังไม่มีแท็ก
คุณยังไม่ได้ล็อกอิน คุณสามารถมีกิจกรรมร่วมกับเว็บไซต์ได้ แต่ต้องล็อกอินก่อน ::
  ล็อกอิน
ลำดับที่ ประเภท เลขเรียก สถานที่ สถานะ
1. หนังสือทั่วไป
หนังสือทั่วไป
PL4163 ว559ห 2568 ฉ.1 
  
ห้องสมุดวพบ.ยะลา
►หนังสือทั่วไปภาษาไทย
On Shelf
2. หนังสือทั่วไป
หนังสือทั่วไป
PL4163 ว559ห 2568 ฉ.2 
  
ห้องสมุดวพบ.ยะลา
►หนังสือทั่วไปภาษาไทย
On Shelf
3. หนังสือทั่วไป
หนังสือทั่วไป
PL4163 ว559ห 2568 ฉ.3 
  
ห้องสมุดวพบ.ยะลา
►หนังสือทั่วไปภาษาไทย
On Shelf
4. หนังสือทั่วไป
หนังสือทั่วไป
PL4163 ว559ห 2568 ฉ.4 
  
ห้องสมุดวพบ.ยะลา
►หนังสือทั่วไปภาษาไทย
On Shelf
5. หนังสือทั่วไป
หนังสือทั่วไป
PL4163 ว559ห 2568 ฉ.5 
  
ห้องสมุดวพบ.ยะลา
►หนังสือทั่วไปภาษาไทย
On Shelf
   [แสดง 5/5 รายการ]

BibComment


ยังไม่เคยถูกคอมเมนท์

คอมเมนท์ทรัพยากรรายการนี้
  คอมเมนท์: หลักภาษาไทย คู่..
Bib 3841

 
 
 

 Union Library Management : ULibM

ดูหนังออนไลน์

Copyright 2026. All Rights Reserved.